000 00652na a2200241 4500
001 15032
003 MIRAKIL
005 20181213154844.0
008 161020b tu 000 0
035 _a15032
040 _aMilas
_btur
_cTR-AnCHP
041 _atur
082 _a365.4092
_bB24i 1986
090 _a365.4092 B24i 1986
100 _aBalcıgil, Osman
245 _aİdamın günlüğü
_cOsman Balcıgil
260 _aİstanbul
_bOnur yayınları
_c1986
300 _a102 s.
_bres.
_c19 sm.
650 _aMahkumlar
650 _aSiyasi tutsaklar
_zTürkiye
650 _aİdamlar (ölüm cezası)
_x1980 -
_zTürkiye
942 _2ddc
_cBKS
999 _c2060
_d2060